Standard handbook of engineering calculations / (Record no. 60706)
[ view plain ]
| 000 -LEADER | |
|---|---|
| fixed length control field | 00983pam a2200265 a 4500 |
| 001 - CONTROL NUMBER | |
| control field | 1897780 |
| 003 - CONTROL NUMBER IDENTIFIER | |
| control field | NUST-PNEC |
| 005 - DATE AND TIME OF LATEST TRANSACTION | |
| control field | 20170116180705.0 |
| 008 - FIXED-LENGTH DATA ELEMENTS--GENERAL INFORMATION | |
| fixed length control field | 841214s1985 nyua 001 0 eng |
| 010 ## - LIBRARY OF CONGRESS CONTROL NUMBER | |
| LC control number | 84028929 |
| 020 ## - INTERNATIONAL STANDARD BOOK NUMBER | |
| International Standard Book Number | 007028735X |
| 040 ## - CATALOGING SOURCE | |
| Original cataloging agency | DLC |
| Transcribing agency | PNEC |
| 050 00 - LIBRARY OF CONGRESS CALL NUMBER | |
| Classification number | TA332 |
| Item number | .S73 1985 |
| 082 00 - DEWEY DECIMAL CLASSIFICATION NUMBER | |
| Classification number | 620.00212 HIC |
| Edition number | 19 |
| 100 ## - MAIN ENTRY--PERSONAL NAME | |
| 9 (RLIN) | 331 |
| Personal name | Hicks, Tyler G. |
| 245 00 - TITLE STATEMENT | |
| Title | Standard handbook of engineering calculations / |
| Statement of responsibility, etc. | Tyler G. Hicks, editor ; S. David Hicks, coordinating editor. |
| 250 ## - EDITION STATEMENT | |
| Edition statement | 2nd ed. |
| 260 ## - PUBLICATION, DISTRIBUTION, ETC. | |
| Place of publication, distribution, etc. | New York : |
| Name of publisher, distributor, etc. | McGraw-Hill, |
| Date of publication, distribution, etc. | c1985. |
| 300 ## - PHYSICAL DESCRIPTION | |
| Extent | 1 v. (various pagings) : |
| Other physical details | ill. ; |
| Dimensions | 24 cm. |
| 500 ## - GENERAL NOTE | |
| General note | Includes index http://www.amazon.com/Standard-Handbook-Engineering-Calculations-Tyler/dp/007028735X/ref=sr_1_1?s=books&ie=UTF8&qid=1411361621&sr=1-1&keywords=007028735x |
| 650 #0 - SUBJECT ADDED ENTRY--TOPICAL TERM | |
| Topical term or geographic name entry element | Engineering mathematics |
| General subdivision | EE, EL, ME |
| 700 1# - ADDED ENTRY--PERSONAL NAME | |
| Personal name | Hicks, Tyler Gregory, |
| Dates associated with a name | 1921- |
| 906 ## - LOCAL DATA ELEMENT F, LDF (RLIN) | |
| a | 7 |
| b | cbc |
| c | orignew |
| d | 1 |
| e | ocip |
| f | 19 |
| g | y-gencatlg |
| 942 ## - ADDED ENTRY ELEMENTS (KOHA) | |
| Source of classification or shelving scheme | |
| Koha item type | Book |
| Withdrawn status | Lost status | Source of classification or shelving scheme | Damaged status | Not for loan | Permanent Location | Current Location | Shelving location | Date acquired | Source of acquisition | Cost, normal purchase price | Total Checkouts | Full call number | Barcode | Date last seen | Cost, replacement price | Price effective from | Koha item type |
|---|---|---|---|---|---|---|---|---|---|---|---|---|---|---|---|---|---|
| Pakistan Navy Engineering College (PNEC) | Pakistan Navy Engineering College (PNEC) | Reference | 02/27/1988 | Royal Book Company | 643.14 | 620.00212 HIC | PNECLIB-011279 | 09/22/2014 | 643.14 | 02/27/1988 | Book | ||||||
| Pakistan Navy Engineering College (PNEC) | Pakistan Navy Engineering College (PNEC) | Reference | 09/29/2014 | Progressive International Agency | 3834.00 | 620.00212 HIC | PNECLIB-016518 | 09/29/2014 | 3834.00 | 09/29/2014 | Book | ||||||
| Pakistan Navy Engineering College (PNEC) | Pakistan Navy Engineering College (PNEC) | Reference | 10/02/2014 | Pak Book Co. | 763.20 | 620.00212 HIC | PNECLIB-011874 | 10/02/2014 | 763.20 | 10/02/2014 | Book |
